01317 a2200217 4500003000500000005001700005010001600022020001500038040000900053082001700062100002000079245005700099250001200156260003700168300003400205505063500239650004400874650002300918856008500941856007301026Nust20230526122243.0 a 91046638 a0070194319 cNust00a808.0666,EIS1 aEisenberg, Anne10aEffective technical communication /cAnne Eisenberg. a2nd ed. aNew York :bMcGraw-Hill,cc1992. axvi, 400 p. :bill. ;c24 cm. aIntroduction to the Technical Writing Process (Page-1), Composing and Editing Strategies in the Technical Writing Process (Page-17), Editing for Style (Page-47), Editing for Lapses in Grammar, Punctuation, and Mechanics (Page-66), Using Graphics (Page-80), Interviewing (Page-114), Using the Library (Page-125), Writing Descriptions and Definitions (Page-147), Writing Instructions (Page-174), Letters and Job-Related Correspondence (Page-194), Abstracts and Summaries (Page-230), Memos and Memo Reports (Page-247), Writing Longer Reports (Page-273), Writing Proposals (Page-308), Preparing and Giving a Technical Talk (Page-332). 0aCommunication of technical information. 0aTechnical writing.423Publisher descriptionuhttp://www.loc.gov/catdir/description/mh022/91046638.html423Table of contentsuhttp://www.loc.gov/catdir/toc/mh021/91046638.html